[Event "Tourn. n8449"]
[Site "www.chess-mail.com"]
[Date "2015.11.16"]
[Round "1"]
[White "Mitja"]
[Black "Scasan55"]
[WhiteElo "2000"]
[BlackElo "2120"]
[Result "0-1"]
[Round "1"]
1.d4 e6
2.e3 d5
3.Ng1f3 Ng8f6
4.c3 c5
5.dxc5 Bf8xc5
6.Bf1b5 Bc8d7
7.Bb5xd7 Nb8xd7
8.Nb1d2 O-O
9.Nd2b3 b6
10.Nb3xc5 Nd7xc5
11.O-O Qd8c7
12.Rf1e1 Nc5e4
13.h3 Rf8c8
14.Nf3d2 a6
15.Nd2xe4 Nf6xe4
16.Qd1d3 Qc7c4
17.Qd3c2 b5
18.a3 a5
19.Bc1d2 b4
20.Ra1c1 bxa3
21.bxa3 Rc8b8
22.f3 Ne4xd2
23.Qc2xd2 Rb8b3
24.e4 Rb3xa3
25.exd5 Ra8d8
26.Rc1a1 Rd8xd5
27.Qd2b2 Ra3b3
28.Qb2a2 Qc4xc3
29.Ra1c1 Qc3d4
30.Kh1 Rb3b8
31.Rc1c7 Qd4b4
32.Re1c1 g6
33.Qa2a1 Qb4b2
34.Qa1a4 Rd5d2
35.Qa4g4 Qb2e5
36.Qg4h4 Qe5e2
37.Rc1g1 Rb8b1
38.Qh4g4 Rb1xg1
39.Kxg1 Rd2d1
40.Kh2 Qe2e5
41.Qg4g3 Rd1h1
{ resign }
0-1

[Event "Tourn. n8483"]
[Site "www.chess-mail.com"]
[Date "2015.11.16"]
[Round "1"]
[White "Maredocla"]
[Black "Libiesse"]
[WhiteElo "2040"]
[BlackElo "2050"]
[Result "1-0"]
[Round "1"]
1.f4 b6
2.Ng1f3 Bc8b7
3.e3 g6
4.Bf1c4 c5
5.O-O Bf8g7
6.Nf3g5 d5
7.Bc4b5 Nb8d7
8.Qd1g4 Ng8f6
9.Qg4h3 a6
10.Bb5xd7 Nf6xd7
11.c3 d4
12.f5 Qd8c7
13.fxg6 fxg6
14.Ng5e6 Qc7e5
15.exd4 cxd4
16.cxd4 Qe5d5
17.Ne6c7 { resign }
1-0

[Event "Tourn. n8352"]
[Site "www.chess-mail.com"]
[Date "2015.11.16"]
[Round "1"]
[White "Szustan"]
[Black "Numanoid"]
[WhiteElo "2740"]
[BlackElo "2500"]
[Result "1-0"]
[Round "1"]
1.e4 d6
2.d4 Ng8f6
3.Nb1c3 g6
4.Ng1f3 Bf8g7
5.Bf1e2 O-O
6.O-O e6
7.e5 dxe5
8.dxe5 Qd8xd1
9.Rf1xd1 Nf6d7
10.Bc1f4 a6
11.Be2d3 Nb8c6
12.Rd1e1 b5
13.Ra1d1 Ra8b8
14.h3 Nd7c5
15.a3 Nc5xd3
16.Rd1xd3 Nc6a5
17.b3 Bc8b7
18.Nc3e4 Bb7xe4
19.Re1xe4 c5
20.Rd3d6 Rb8a8
21.Bf4d2 Na5b7
22.Rd6d7 Ra8b8
23.Bd2g5 h6
24.Bg5e7 Rf8c8
25.Re4f4 g5
26.Be7xg5 hxg5
27.Rf4xf7 { resign }
1-0

[Event "Tourn. n8435"]
[Site "www.chess-mail.com"]
[Date "2015.11.16"]
[Round "1"]
[White "Osmundw"]
[Black "Redabond"]
[WhiteElo "1639"]
[BlackElo "1660"]
[Result "0-1"]
[Round "1"]
1.Nb1c3 d5
2.Nc3xd5 Qd8xd5
3.e4 Qd5xe4
4.Ng1e2 Ng8f6
5.d3 Qe4e6
6.Bc1e3 g6
7.Ne2f4 Qe6d7
8.d4 Bf8g7
9.Bf1d3 O-O
10.Nf4xg6 fxg6
11.Bd3xg6 hxg6
12.Be3g5 Qd7f5
13.h4 Nf6e4
14.Rh1f1 Bg7xd4
15.c3 Bd4xf2
16.Rf1xf2 Qf5xf2
{ resign }
0-1

[Event "Tourn. n8446"]
[Site "www.chess-mail.com"]
[Date "2015.11.16"]
[Round "1"]
[White "Hundegana"]
[Black "Luban"]
[WhiteElo "2000"]
[BlackElo "2160"]
[Result "0-1"]
[Round "1"]
1.d4 d5
2.Bc1f4 e6
3.c3 c5
4.e3 a6
5.Ng1f3 h6
6.h4 Ng8f6
7.Nf3e5 Bc8d7
8.f3 Nb8c6
9.Qd1c2 Bf8e7
10.Nb1d2 O-O
11.g4 cxd4
12.cxd4 Be7b4
13.a3 Qd8a5
14.Ne5xc6 Bd7xc6
15.O-O-O Bc6a4
16.axb4 Qa5xb4
17.Qc2d3 Rf8c8
18.Kb1 Ba4xd1
19.Ka1 Rc8c1
20.Nd2b1 Bd1xf3
21.Rh1h2 Bf3e4
22.Qd3a3 Qb4xa3
23.bxa3 Rc1xb1
24.Ka2 Rb1xf1
25.g5 hxg5
26.hxg5 Nf6g4
27.Rh2b2 b5
28.Rb2d2 Ra8c8
29.Kb3 a5
30.a4 b4
31.Rd2h2 Rc8c3
32.Kb2 Rf1b1
33.Ka2 Rc3a3
{ resign }
0-1

[Event "Tourn. n8477"]
[Site "www.chess-mail.com"]
[Date "2015.11.16"]
[Round "1"]
[White "Jhw"]
[Black "Libiesse"]
[WhiteElo "1910"]
[BlackElo "2050"]
[Result "1-0"]
[Round "1"]
1.c4 c5
2.e3 Ng8f6
3.Nb1c3 g6
4.e4 Nb8c6
5.g4 d6
6.h3 Bf8g7
7.d3 O-O
8.f4 a6
9.a3 b6
10.Bf1g2 Bc8b7
11.g5 Nf6d7
12.h4 f5
13.exf5 Rf8xf5
14.h5 Ra8b8
15.hxg6 hxg6
16.Bg2e4 Nc6d4
17.Nc3d5 Bb7xd5
18.cxd5 Rf5f8
19.Be4xg6 { resign }
1-0

[Event "Tourn. n8481"]
[Site "www.chess-mail.com"]
[Date "2015.11.16"]
[Round "1"]
[White "Umzi"]
[Black "Mitja"]
[WhiteElo "2160"]
[BlackElo "2040"]
[Result "1-0"]
[Round "1"]
1.e4 d5
2.exd5 Qd8xd5
3.Nb1c3 Qd5d8
4.d4 c6
5.Ng1f3 e6
6.Bf1c4 h6
7.O-O Nb8d7
8.Bc1e3 Nd7b6
9.Bc4b3 Ng8f6
10.h3 Bf8e7
11.Qd1e2 Nb6d5
12.Nc3xd5 Nf6xd5
13.Be3d2 b6
14.c4 Nd5f6
15.Ra1d1 Qd8c7
16.Bd2c3 Bc8b7
17.Rf1e1 O-O
18.Bb3c2 Rf8e8
19.Qe2d3 c5
20.d5 exd5
21.Bc3xf6 Be7xf6
22.Qd3h7 { resign }
1-0

[Event "Tourn. n8454"]
[Site "www.chess-mail.com"]
[Date "2015.11.16"]
[Round "1"]
[White "Rons"]
[Black "Cathar"]
[WhiteElo "2540"]
[BlackElo "2270"]
[Result "1-0"]
[Round "1"]
1.e4 e6
2.d4 d5
3.Nb1c3 Bf8b4
4.e5 c5
5.a3 Bb4xc3
6.bxc3 Ng8e7
7.Qd1g4 O-O
8.Bf1d3 f5
9.Qg4h5 b6
10.Ng1f3 Qd8d7
11.a4 Bc8a6
12.Bd3b5 Ba6xb5
13.axb5 a5
14.dxc5 bxc5
15.c4 dxc4
16.O-O Qd7e8
17.Qh5h4 f4
18.Qh4h3 Ne7d5
19.Nf3g5 h6
20.Ng5xe6 Rf8f7
21.Rf1d1 { resign }
1-0

[Event "Match"]
[Site "www.echecsemail.com"]
[Date "2015.11.16"]
[Round "1"]
[White "Jhw"]
[Black "Fred"]
[WhiteElo "1950"]
[BlackElo "2020"]
[Result "1/2-1/2"]
[Round "1"]
1.c4 e5
2.e4 f5
3.exf5 Ng8f6
4.g3 Bf8c5
5.Bf1g2 Nb8c6
6.Qd1e2 d6
7.Bg2xc6 bxc6
8.g4 h6
9.f4 O-O
10.fxe5 Rf8e8
11.e6 Bc8b7
12.d3 Bc5b4
13.Bc1d2 Bb4xd2
14.Nb1xd2 c5
15.Nd2e4 Nf6xe4
16.dxe4 Qd8h4
17.Kd2 Qh4g5
18.Kd1 Qg5f4
19.Ng1h3 Qf4xe4
20.Rh1e1 Qe4d4
21.Kc2 d5
22.b3 dxc4
23.Qe2xc4 Qd4xc4
24.bxc4 Ra8b8
25.Nh3f4 Bb7f3
26.h3 Rb8d8
27.a4 Rd8d4
28.Nf4h5 Rd4xc4
29.Kd3 Rc4d4
30.Ke3 Bf3g2
31.Nh5f4 Bg2c6
32.Nf4d3 Rd4e4
33.Kd2 Re4d4
34.Kc3 Kf8
35.Nd3xc5 Rd4f4
36.Re1e3 Ke7
37.Ra1d1 Kf6
38.Nc5d7 Kg5
39.Nd7e5 Bc6g2
40.Rd1d7 Rf4e4
41.Re3xe4 Bg2xe4
42.Rd7xc7 Be4g2
43.Rc7xa7 Bg2xh3
44.Kd4 Bh3xg4
45.Ra7xg7 Kxf5
46.Rg7xg4 Re8xe6
47.Rg4g6 Re6xe5
48.Rg6a6 h5
49.Kc4 h4
50.a5 h3
51.Kb4 Kg4
52.Ra6d6 Re5h5
53.a6 h2
54.Rd6d1 Kg3
55.a7 Rh5h8
56.Rd1d3 Kg2
57.Rd3d2 Kg3
{ draw }
1/2-1/2

[Event "Match"]
[Site "www.echecsemail.com"]
[Date "2015.11.16"]
[Round "1"]
[White "Jhw"]
[Black "Mitja"]
[WhiteElo "1930"]
[BlackElo "1970"]
[Result "1-0"]
[Round "1"]
1.d4 d5
2.c4 dxc4
3.Qd1a4 c6
4.Qa4xc4 e6
5.e4 Nb8d7
6.Bc1e3 Nd7b6
7.Qc4c2 Ng8e7
8.Ng1f3 h6
9.b4 Ne7g6
10.a4 Bf8xb4
11.Nb1c3 O-O
12.Qc2b3 Bb4a5
13.g3 Qd8f6
14.Bf1e2 Bc8d7
15.Ra1d1 Ra8d8
16.e5 Qf6e7
17.Be3d2 Ba5xc3
18.Bd2xc3 Bd7c8
19.Be2d3 Nb6d5
20.Bc3d2 b6
21.h4 Qe7c7
22.h5 Ng6e7
23.g4 Bc8b7
24.Qb3c2 f5
25.g5 Kf7
26.gxh6 gxh6
27.Bd2xh6 Rf8h8
28.Nf3g5 Ke8
29.Ng5xe6 Qc7d7
30.Ne6xd8 Qd7xd8
31.Bh6g7 Rh8g8
32.h6 { resign }
1-0

[Event "Match"]
[Site "www.echecsemail.com"]
[Date "2015.11.16"]
[Round "1"]
[White "Ranjachess"]
[Black "Genius7"]
[WhiteElo "1750"]
[BlackElo "1730"]
[Result "0-1"]
[Round "1"]
1.d4 d5
2.Nb1c3 e6
3.Bc1f4 Bf8b4
4.Qd1d2 Ng8f6
5.f3 a6
6.O-O-O Qd8e7
7.a3 Bb4d6
8.Bf4g5 h6
9.Bg5xf6 Qe7xf6
10.e4 Bd6f4
11.g3 Bf4xd2
12.Rd1xd2 c6
13.e5 Qf6e7
14.f4 c5
15.Bf1h3 cxd4
16.Rd2xd4 Nb8c6
17.Rd4d3 O-O
18.Ng1f3 b5
19.b4 Bc8b7
20.Nf3d4 Nc6xd4
21.Rd3xd4 Rf8c8
22.Nc3e2 Rc8c4
23.c3 Rc4xd4
24.cxd4 Ra8c8
25.Kd2 a5
26.Rh1b1 axb4
27.Rb1xb4 Qe7c7
28.Ke3 Qc7a5
29.Kf2 Rc8c4
30.Rb4b3 Rc4c2
31.Bh3g4 Bb7a6
32.a4 Qa5xa4
33.Rb3c3 Rc2xc3
34.Ne2xc3 Qa4c2
35.Nc3e2 b4
36.Bg4f3 Ba6xe2
37.Bf3xe2 b3
38.Ke3 b2
39.Be2d3 Qc2xd3
40.Kxd3 b1Q
41.Ke3 Qb1e4
42.Kf2 Qe4xd4
43.Kg2 Qd4e3
44.h4 d4
45.Kh3 h5
46.Kh2 Qe3f2
47.Kh3 d3
48.g4 Qf2f3
49.Kh2 hxg4
50.h5 g3
51.Kh3 g2
52.Kh4 g1Q
53.h6 Qf3g4

0-1

[Event "Match"]
[Site "www.echecsemail.com"]
[Date "2015.11.16"]
[Round "1"]
[White "Luzhin"]
[Black "Fangshuo"]
[WhiteElo "2200"]
[BlackElo "2200"]
[Result "1-0"]
[Round "1"]
1.e4 e6
2.d4 d5
3.Nb1c3 Bf8b4
4.e5 c5
5.Ng1f3 Nb8c6
6.a3 cxd4
7.axb4 dxc3
8.b5 cxb2
9.Bc1xb2 Nc6e7
10.Bf1d3 Ng8h6
11.O-O Nh6f5
12.g4 Nf5h6
13.h3 O-O
14.Qd1c1 b6
15.Qc1e3 Bc8b7
16.Bb2d4 Ne7g6
17.Ra1a4 Kh8
18.Rf1a1 Qd8c7
19.Ra4xa7 Ra8xa7
20.Ra1xa7 Rf8a8
21.Ra7xa8 Bb7xa8
22.Nf3g5 Qc7b7
23.f4 Nh6g8
24.Bd3xg6 hxg6
25.Qe3a3 f6
26.exf6 gxf6
27.Qa3f8 Qb7g7
28.Qf8e8 Ba8b7
29.Ng5xe6 Kh7
30.Ne6xg7 { resign }
1-0

[Event "Match"]
[Site "www.echecsemail.com"]
[Date "2015.11.16"]
[Round "1"]
[White "Genius7"]
[Black "Cristiano"]
[WhiteElo "1730"]
[BlackElo "2050"]
[Result "1-0"]
[Round "1"]
1.e4 c5
2.Ng1f3 d6
3.d4 cxd4
4.Nf3xd4 Ng8f6
5.Nb1c3 a6
6.g3 g6
7.Bf1g2 Bf8g7
8.h3 Qd8c7
9.O-O O-O
10.Bc1g5 Nb8d7
11.Bg5xf6 Nd7xf6
12.Rf1e1 e5
13.Nd4b3 Bc8e6
14.Qd1e2 Qc7c8
15.Kh2 Be6c4
16.Qe2d2 Rf8d8
17.Ra1d1 Bg7f8
18.Qd2e3 b5
19.a3 Qc8b8
20.Nc3d5 Bc4xd5
21.exd5 Qb8a7
22.Qe3xa7 Ra8xa7
23.Nb3a5 Rd8e8
24.Na5c6 Ra7c7
25.c3 Nf6d7
26.f4 f6
27.Re1f1 e4
28.g4 Nd7c5
29.Rd1d2 e3
30.Rd2e2 Nc5d3
31.h4 Bf8g7
32.Kg3 Kh8
33.Kf3 g5
34.hxg5 fxg5
35.fxg5 Rc7f7
36.Kg3 Rf7xf1
37.Bg2xf1 Nd3c5
38.Bf1g2 Bg7e5
39.Nc6xe5 Re8xe5
40.Kf4 Nc5d3
41.Kg3 Nd3c1
42.Re2e1 Nc1b3
43.Kf4 Nb3a5
44.Bg2e4 Na5c4
45.Re1e2 Kg7
46.b3 Nc4d2
47.Re2xe3 Nd2xb3
48.Re3h3 Kf8
49.Rh3xh7 Nb3c5
50.Be4f5 Re5xd5
51.g6 Rd5d1
52.Rh7f7 Kg8
53.Kg5 d5
54.Kf6 Nc5e4
55.Ke7 Ne4g5
56.Rf7f8 Kg7
57.Rf8a8 d4
58.cxd4 Rd1xd4
59.Ra8xa6 Ng5e4
60.Ra6a7 Kh6
61.Ra7a8 Ne4c5
62.Ra8h8 Kg7
63.Rh8h7 Kg8
64.Kf6 Rd4d8
65.Bf5b1 Rd8d2
66.Rh7c7 Nc5d7
67.Ke7 Rd2b2
68.Bb1f5 Nd7b6
69.Rc7b7 Nb6d5
70.Kd6 Nd5f4
71.Ke5 Nf4g2
72.Kf6 { resign }
1-0

[Event "Match"]
[Site "www.echecsemail.com"]
[Date "2015.11.16"]
[Round "1"]
[White "Drdoom"]
[Black "Acucar1"]
[WhiteElo "1730"]
[BlackElo "1560"]
[Result "0-1"]
[Round "1"]
1.e4 e5
2.Ng1f3 Nb8c6
3.Bf1b5 a6
4.Bb5xc6 dxc6
5.Nf3xe5 Qd8d4
6.Nb1c3 Qd4xe5
7.O-O Bf8c5
8.d3 Ng8f6
9.Ra1b1 Nf6g4
10.g3 O-O
11.Bc1f4 Qe5h5
12.h4 Bc8e6
13.a3 h6
14.Kg2 g5
15.hxg5 Qh5h2
16.Kf3 Ng4xf2
17.Qd1e2 Be6g4
{ resign }
0-1

[Event "Match"]
[Site "www.echecsemail.com"]
[Date "2015.11.16"]
[Round "1"]
[White "Micheles"]
[Black "Gimmyg"]
[WhiteElo "2530"]
[BlackElo "2390"]
[Result "1/2-1/2"]
[Round "1"]
1.d4 d5
2.Ng1f3 Nb8c6
3.c3 Bc8f5
4.Bc1f4 e6
5.e3 Bf8d6
6.Bf4xd6 cxd6
7.Nb1d2 h6
8.Qd1b3 Qd8d7
9.h3 Ng8f6
10.Bf1e2 O-O
11.O-O Ra8c8
12.Ra1c1 Rf8d8
13.Qb3a3 Bf5g6
14.c4 dxc4
15.Nd2xc4 Nf6d5
16.Nc4d2 Rc8c7
17.Be2b5 a6
18.Bb5xc6 Rc7xc6
19.Rc1xc6 Qd7xc6
20.Nd2b3 b6
21.Rf1c1 Qc6b7
22.Nb3d2 Bg6h5
23.Nf3e1 Bh5g6
24.Ne1f3 a5
25.Qa3b3 b5
26.a4 Nd5b4
27.axb5 Bg6d3
28.Qb3a4 Qb7xb5
29.Qa4xb5 Bd3xb5
30.b3 Kf8
31.Rc1c7 Rd8a8
32.e4 d5
33.Kh2 f6
34.e5 Nb4a6
35.Rc7c3 Ra8a7
36.Kg3 Bb5e8
37.Rc3e3 Kf7
38.Re3e1 Na6b4
39.Re1a1 Nb4c6
40.exf6 gxf6
41.Kf4 Ra7b7
42.g4 Rb7b4
43.Ke3 Ke7
44.Ra1c1 Kd6
45.Rc1a1 h5
46.Ra1c1 hxg4
47.hxg4 e5
48.dxe5 fxe5
49.Rc1g1 a4
50.bxa4 Rb4xa4
51.Rg1h1 Ra4xg4
52.Rh1h6 Kc7
53.Nd2b3 Rg4c4
54.Kd2 Rc4f4
55.Ke2 Nc6b4
56.Nf3g5 Be8b5
57.Kd1 Rf4xf2
58.Ng5e6 Kb6
59.Ne6c5 Bb5c6
60.Nc5d7 Kc7
61.Nd7xe5 Bc6a4
62.Rh6h7 Kd6
63.Ke1 Rf2f5
64.Ne5f7 Rf5xf7
65.Rh7xf7 Ba4xb3
66.Rf7b7 Nb4d3
67.Kf1 Nd3c5
{ draw }
1/2-1/2

[Event "Match"]
[Site "www.echecsemail.com"]
[Date "2015.11.16"]
[Round "1"]
[White "Paco"]
[Black "Orae"]
[WhiteElo "1840"]
[BlackElo "1940"]
[Result "1-0"]
[Round "1"]
1.e4 e5
2.Ng1f3 Nb8c6
3.Bf1c4 h6
4.d4 Qd8e7
5.Nf3xe5 Nc6xe5
6.dxe5 Qe7xe5
7.Qd1f3 Ng8f6
8.Nb1c3 Bf8b4
9.O-O O-O
10.Bc1f4 Qe5c5
11.e5 Nf6e8
12.Bc4b3 Bb4xc3
13.bxc3 d6
14.e6 fxe6
15.Qf3g3 d5
16.Bf4e5 Qc5e7
17.c4 Rf8f5
18.cxd5 Rf5g5
19.Qg3f4 Rg5f5
20.Qf4g3 Rf5g5
21.Qg3e3 Qe7f7
22.dxe6 Bc8xe6
23.f4 Rg5g4
24.h3 Rg4g6
25.f5 Be6xb3
26.fxg6 Qf7e6
27.cxb3 Qe6xg6
28.Qe3c5 Ne8d6
29.Qc5xc7 Nd6f5
30.Qc7xb7 Ra8f8
31.Qb7xa7 Nf5h4
32.Qa7b7 Nh4f5
33.Ra1c1 Rf8f7
34.Rc1c8 Kh7
35.Qb7b8 Qg6e6
36.Rf1f4 g5
37.Rc8h8 Kg6
38.Qb8g8 Rf7g7
39.Qg8xe6 Kh5
40.Rf4xf5 Rg7g6
41.g4 Kh4
42.Qe6xg6 Kxh3
43.Qg6h5 { resign }
1-0

[Event "Eq:Angolana Scacchi-Clubul Central de Sah : "]
[Site "www.chess-mail.com"]
[Date "2015.11.16"]
[Round "1"]
[White "Battlejanson"]
[Black "Rocadamare"]
[WhiteElo "1920"]
[BlackElo "2640"]
[Result "0-1"]
[Round "1"]
1.e4 c5
2.Ng1f3 d6
3.d4 cxd4
4.Nf3xd4 Ng8f6
5.Nb1c3 a6
6.Bc1e3 e5
7.Nd4b3 Bc8e6
8.Bf1e2 Bf8e7
9.O-O Nb8d7
10.f4 Ra8c8
11.f5 Be6c4
12.Rf1f3 Bc4xe2
13.Qd1xe2 O-O
 { time }
0-1

[Event "Eq:Equipo Juan Diaz-Clubul Central de Sah : "]
[Site "www.chess-mail.com"]
[Date "2015.11.16"]
[Round "1"]
[White "Calulalb"]
[Black "Ecijaajedrez"]
[WhiteElo "2700"]
[BlackElo "2530"]
[Result "1-0"]
[Round "1"]
1.c4 Ng8f6
2.Nb1c3 d5
3.cxd5 Nf6xd5
4.Ng1f3 e6
5.e4 Nd5xc3
6.bxc3 c5
7.Bf1c4 Bf8e7
8.O-O O-O
9.d4 cxd4
10.cxd4 Nb8c6
{ time. }
1-0

[Event "Tourn. n8377"]
[Site "www.chess-mail.com"]
[Date "2015.11.17"]
[Round "1"]
[White "Falcoale"]
[Black "Flick"]
[WhiteElo "1940"]
[BlackElo "1870"]
[Result "1-0"]
[Round "1"]
1.e4 e5
2.Ng1f3 Nb8c6
3.Bf1c4 Bf8e7
4.O-O Ng8f6
5.d3 d5
6.exd5 Nf6xd5
7.Rf1e1 Bc8g4
8.h3 Bg4h5
9.g4 Bh5g6
10.Nf3xe5 Nc6xe5
11.Re1xe5 Nd5b4
12.a3 Nb4c6
13.Re5e1 O-O
14.Nb1c3 Be7c5
15.b4 Bc5d4
16.Bc1b2 Qd8f6
17.Qd1d2 Nc6e5
18.Re1xe5 Bd4xe5
19.Ra1b1 Qf6f3
20.Bc4d5 Qf3xh3
21.Bd5g2 Qh3xg4
22.Rb1e1 f6
23.Bb2a1 Bg6e8
24.Nc3d5 Be5xa1
25.Re1xa1 Rf8f7
26.Nd5e3 Qg4g5
27.Qd2d1 Be8c6
28.a4 h5
29.b5 Bc6xg2
30.Ne3xg2 Ra8e8
31.Qd1f3 Rf7e7
32.Kf1 Qg5g4
33.Qf3xb7 Qg4e2
34.Kg1 Qe2xc2
35.Qb7xa7 Qc2xd3
36.Qa7c5 Qd3g6
37.Qc5c3 Re7e4
38.Qc3g3 Re4g4
39.Qg3f3 Re8e5
40.Ra1d1  { time }
1-0

[Event "Tourn. n8422"]
[Site "www.chess-mail.com"]
[Date "2015.11.17"]
[Round "1"]
[White "Rons"]
[Black "Yangqi"]
[WhiteElo "2550"]
[BlackElo "2550"]
[Result "1/2-1/2"]
[Round "1"]
1.e4 c5
2.Ng1f3 d6
3.d4 cxd4
4.Nf3xd4 Ng8f6
5.Nb1c3 a6
6.Bc1e3 e5
7.Nd4b3 Bc8e6
8.f3 h5
9.Qd1d2 Nb8d7
10.O-O-O Ra8c8
11.Kb1 Bf8e7
12.Nc3d5 Be6xd5
13.exd5 Nd7b6
14.Be3xb6 Qd8xb6
15.Bf1d3 O-O
16.Rh1e1 Rf8e8
17.f4 Be7f8
18.Bd3f5 Rc8c7
19.fxe5 Re8xe5
20.Re1xe5 dxe5
21.d6 Rc7c6
22.d7 Rc6d6
23.Qd2e1 g6
24.Bf5h3 Bf8e7
25.a3 Rd6xd1
26.Qe1xd1 Be7d8
27.g3 Kg7
28.Qd1e2 Qb6d6
29.Nb3d2 b5
30.Nd2f3 Nf6xd7
31.Bh3xd7 Qd6xd7
32.Qe2xe5 Bd8f6
33.Qe5e4 a5
34.Kc1 Qd7a7
35.Kb1 Qa7f2
36.Ka2 b4
37.axb4 axb4
38.Kb3 Qf2a7
39.Qe4f4 Qa7c5
40.Qf4e4 Qc5a5
41.Nf3d4 Qa5a1
42.Qe4e3 Qa1d1
43.Nd4b5 Qd1a1
{ draw }
1/2-1/2

[Event "Tourn. n8370"]
[Site "www.chess-mail.com"]
[Date "2015.11.17"]
[Round "1"]
[White "Luban"]
[Black "Sfalcao"]
[WhiteElo "2070"]
[BlackElo "1920"]
[Result "0-1"]
[Round "1"]
1.d4 Ng8f6
2.c4 e6
3.a3 d5
4.e3 b6
5.Ng1f3 Bf8e7
6.Nb1c3 O-O
7.Bf1d3 c5
8.h3 Bc8b7
9.O-O Nb8c6
10.dxc5 bxc5
11.cxd5 exd5
12.Bd3b5 a6
13.Bb5a4 c4
14.Nf3d4 Nc6e5
15.Ba4c2 Qd8d6
16.Nd4f5 Qd6d7
17.Nf5xe7 Qd7xe7
18.Nc3e2 Rf8d8
19.Ne2d4 Nf6e4
20.Bc2xe4 dxe4
21.Qd1c2 Ra8c8
22.Bc1d2 Qe7g5
23.Bd2c3 Ne5f3
24.Nd4xf3 exf3
25.g3 Qg5h5
26.Kh2 Rd8e8
27.Ra1d1 Bb7e4
28.g4 Be4xc2
29.gxh5 Bc2xd1
30.Rf1xd1 Re8d8
31.Rd1xd8 Rc8xd8
32.Kg3 Rd8d5
33.Kg4 f6
34.Kxf3 Rd5xh5
35.Kg3 Kf7
36.f4 g6
37.Kg4 f5
38.Kg3 Ke6
39.Bc3d4 Kd5
40.h4 h6
41.Bd4f6 Ke4
42.Kf2 Kd3
43.Kf3 Kc2
44.e4 fxe4
45.Kxe4 Kb3
46.Ke3 a5
47.Kf3 Kc2
48.Ke3 a4
49.Kf3 Rh5b5
50.Ke3 Rb5xb2
{ resign }
0-1

[Event "Tourn. n8372"]
[Site "www.chess-mail.com"]
[Date "2015.11.17"]
[Round "1"]
[White "Julian"]
[Black "Jhw"]
[WhiteElo "1820"]
[BlackElo "1900"]
[Result "0-1"]
[Round "1"]
1.e4 c5
2.Ng1f3 e6
3.c3 a6
4.d4 cxd4
5.cxd4 Nb8c6
6.Nb1c3 Bf8b4
7.Bc1d2 b5
8.d5 exd5
9.exd5 Qd8e7
10.Qd1e2 Qe7xe2
11.Bf1xe2 Nc6e7
12.O-O-O d6
13.Nc3e4 Bb4xd2
14.Rd1xd2 Ne7f5
15.g4 Nf5e7
16.Nf3g5 Ng8f6
17.Ne4xd6 Kd7
18.Ng5xf7 Rh8f8
19.g5 Nf6xd5
20.Be2f3 Kc6
21.Nd6xc8 Rf8xf7
22.Bf3xd5 Ne7xd5
23.Rd2xd5 Ra8xc8
24.Rh1d1 Rf7xf2
25.Rd5d6 Kb7
26.Kb1 Rf2xh2
27.Rd6d7 Rc8c7
28.Rd7xc7 Kxc7
29.Rd1g1 h5
30.a3 h4
31.Ka2 h3
32.Kb3 Rh2g2
33.Rg1h1 h2
34.g6 Kd6
35.Kc3 Ke5
36.b3 Kf6
37.Kb4 Kxg6
38.a4 bxa4
39.bxa4 Kf5
40.Ka5 Kg4
41.Kxa6 Kg3
42.a5 Rg2g1
{ resign }
0-1

[Event "Tourn. n8420"]
[Site "www.chess-mail.com"]
[Date "2015.11.17"]
[Round "1"]
[White "Fkarpov"]
[Black "Pinehill"]
[WhiteElo "2080"]
[BlackElo "2020"]
[Result "1-0"]
[Round "1"]
1.e4 d5
2.exd5 Ng8f6
3.Bf1b5 Bc8d7
4.Bb5c4 Bd7g4
5.Ng1f3 g6
6.Nb1c3 Nb8d7
7.Qd1e2 Bf8g7
8.d6 cxd6
9.d3 O-O
10.O-O Nd7e5
11.Bc1g5 Ne5xf3
12.gxf3 Bg4f5
13.Rf1e1 e6
14.Ra1b1 a6
15.Bg5xf6 Bg7xf6
16.Nc3e4 Bf5xe4
17.fxe4 Rf8e8
18.c3 b5
19.Bc4b3 d5
20.e5 Bf6g7
21.d4 Qd8g5
22.Kh1 f5
23.Re1g1 Qg5h4
24.Qe2f3 Qh4e4
25.Qf3xe4 fxe4
26.Rb1f1 Re8f8
27.Rg1g3 Rf8f5
28.Bb3d1 Ra8f8
29.Bd1g4 Rf5xf2
30.Bg4xe6 Kh8
31.Rf1xf2 Rf8xf2
32.Be6xd5 Rf2xb2
33.Rg3e3 b4
34.cxb4 Rb2xb4
35.Re3xe4 a5
36.e6 Rb4b1
37.Kg2 Rb1b2
38.Kf3 Rb2xh2
39.e7 { resign }
1-0

[Event "Tourn. n8414"]
[Site "www.chess-mail.com"]
[Date "2015.11.17"]
[Round "1"]
[White "Caspito"]
[Black "Falcoale"]
[WhiteElo "1810"]
[BlackElo "1890"]
[Result "1-0"]
[Round "1"]
1.e4 c5
2.b3 Nb8c6
3.Bc1b2 e6
4.d4 cxd4
5.Bb2xd4 Nc6xd4
6.Qd1xd4 Ng8f6
7.e5 Nf6d5
8.Ng1f3 Bf8e7
9.Qd4g4 O-O
10.Bf1d3 f5
11.Qg4g3 Be7b4
12.Nb1d2 g6
13.O-O b6
14.a3 Bb4e7
15.c4 Rf8f7
16.cxd5 Bc8b7
17.dxe6 dxe6
18.Bd3e2 Ra8c8
19.Ra1c1 Bb7xf3
20.Rc1xc8 Qd8xc8
21.Be2xf3 f4
22.Qg3h3 Rf7f5
23.Bf3e4 Rf5xe5
24.Qh3g4 Kg7
25.Qg4xf4 Re5c5
26.Qf4e3 Rc5c1
27.a4 Rc1xf1
28.Nd2xf1 Be7c5
29.Qe3d2 e5
30.Qd2g5 Qc8f8
31.Qg5xe5 Kh6
32.Nf1e3 Qf8d8
33.Ne3g4 { resign }
1-0

[Event "Tourn. n8474"]
[Site "www.chess-mail.com"]
[Date "2015.11.17"]
[Round "1"]
[White "Gmscalpel"]
[Black "Glenno"]
[WhiteElo "2400"]
[BlackElo "2320"]
[Result "0-1"]
[Round "1"]
1.e4 e5
2.Ng1f3 Nb8c6
3.Bf1b5 a6
4.Bb5a4 Ng8f6
5.Nb1c3 b5
6.Ba4b3 Bf8e7
7.Ke2 b4
8.Nc3d5 Nf6xe4
9.Nd5xe7 Qd8xe7
10.d4 exd4
11.Nf3xd4 Ne4c3
12.Kd3 Qe7e4
13.Kc4 Qe4d5
14.Kd3 Qd5xd4
{ resign }
0-1

[Event "Tourn. n8424"]
[Site "www.chess-mail.com"]
[Date "2015.11.17"]
[Round "1"]
[White "Osopanda"]
[Black "Emerchess"]
[WhiteElo "1860"]
[BlackElo "2079"]
[Result "0-1"]
[Round "1"]
1.c4 Ng8f6
2.d4 e6
3.Ng1f3 d5
4.b3 Bf8e7
5.Bc1b2 O-O
6.e3 b6
7.Nb1d2 Bc8b7
8.Bf1d3 Nb8d7
9.O-O dxc4
10.bxc4 c5
11.Rf1e1 Rf8e8
12.e4 cxd4
13.Nf3xd4 Nd7c5
14.Bd3c2 a6
15.Nd2b3 Nc5xe4
16.Qd1d3 e5
17.Nd4f5 Qd8xd3
18.Nf5xe7 Kf8
19.Bc2xd3 Re8xe7
20.Ra1d1 Ra8e8
21.f3 Ne4c5
22.Nb3xc5 bxc5
23.Bd3e4 Nf6xe4
24.fxe4 f6
25.Rd1d6 Re7c7
26.Re1d1 Bb7xe4
27.g4 Rc7a7
28.Bb2a3 Ra7a8
29.Ba3xc5 Re8c8
30.Rd6d8 Kf7
31.Rd8xc8 Ra8xc8
32.Rd1e1 Be4d3
33.Bc5b6 Rc8xc4
34.Re1e3 Rc4xg4
35.Kf2 Bd3b5
36.Re3c3 Rg4c4
{ resign }
0-1

[Event "Tourn. n8420"]
[Site "www.chess-mail.com"]
[Date "2015.11.17"]
[Round "1"]
[White "Pinehill"]
[Black "Ochoreales"]
[WhiteElo "2020"]
[BlackElo "2090"]
[Result "1-0"]
[Round "1"]
1.e4 c5
2.Ng1f3 d6
3.Bf1c4 Nb8c6
4.d3 e6
5.O-O Ng8f6
6.Nb1c3 g6
7.Bc1g5 Bf8g7
8.Rf1e1 O-O
9.a3 a6
10.e5 dxe5
11.Nf3xe5 Nc6xe5
12.Re1xe5 Qd8d6
13.Bg5f4 Nf6d7
14.Re5e4 Nd7f6
15.Bf4xd6 { resign }
1-0

[Event "Tourn. n8483"]
[Site "www.chess-mail.com"]
[Date "2015.11.17"]
[Round "1"]
[White "Libiesse"]
[Black "Goosebumps"]
[WhiteElo "2050"]
[BlackElo "2130"]
[Result "0-1"]
[Round "1"]
1.d4 b6
2.c4 Bc8b7
3.Nb1c3 e6
4.e4 c5
5.Ng1e2 cxd4
6.Ne2xd4 Bf8b4
7.Qd1c2 Qd8h4
8.Bf1d3 Ng8f6
9.g3 Bb4xc3
10.bxc3 Qh4h5
11.e5 Qh5xe5
{ resign }
0-1

[Event "Tourn. n8406"]
[Site "www.chess-mail.com"]
[Date "2015.11.17"]
[Round "1"]
[White "Francesco"]
[Black "Falcoale"]
[WhiteElo "1980"]
[BlackElo "1910"]
[Result "1-0"]
[Round "1"]
1.e4 c5
2.Ng1f3 e6
3.d4 cxd4
4.Nf3xd4 a6
5.Nb1c3 Nb8c6
6.Bc1e3 Bf8b4
7.Qd1d2 Ng8f6
8.Bf1d3 Nc6xd4
9.Be3xd4 O-O
10.O-O d5
11.exd5 Nf6xd5
12.a3 Bb4a5
13.Ra1d1 f6
14.b4 Ba5c7
15.Nc3xd5 exd5
16.c3 Bc7xh2
17.Kxh2 Bc8g4
18.f3 Bg4h5
19.Rd1e1 Qd8d6
20.Kg1 b5
21.Bd4c5 Qd6g3
22.Bc5xf8 Ra8xf8
23.Qd2f2 Qg3c7
24.Qf2c5 Qc7g3
25.Qc5xd5 Kh8
26.Qd5xh5 g6
27.Bd3xg6 Qg3xg6
28.Qh5xg6 hxg6
29.Re1e6 Rf8a8
30.Re6xf6 Kg7
31.Rf6b6 { resign }
1-0

[Event "Tourn. n8325"]
[Site "www.chess-mail.com"]
[Date "2015.11.17"]
[Round "1"]
[White "Micheles"]
[Black "Rons"]
[WhiteElo "2530"]
[BlackElo "2540"]
[Result "1/2-1/2"]
[Round "1"]
1.d4 Ng8f6
2.Ng1f3 e6
3.Bc1g5 c5
4.e3 Qd8b6
5.Qd1c1 Nf6e4
6.Bg5h4 Nb8c6
7.c3 d5
8.Nb1d2 f5
9.Bf1e2 Bf8d6
10.O-O O-O
11.dxc5 Bd6xc5
12.Nd2b3 Bc5d6
13.c4 Bc8d7
14.cxd5 exd5
15.Qc1d1 Bd7e6
16.Nf3d4 Nc6xd4
17.Nb3xd4 Bd6e5
18.f3 Ne4f6
19.f4 Be5xd4
20.Qd1xd4 Qb6xd4
21.exd4 Nf6e4
22.Ra1c1 Ra8c8
23.Bh4e7 Rf8e8
24.Be7b4 Be6d7
25.Be2d3 a6
26.b3 Bd7b5
27.Bd3xb5 axb5
28.Rf1e1 Kf7
29.g3 Rc8c6
30.Rc1xc6 bxc6
31.Re1c1 Re8c8
32.a4 bxa4
33.bxa4 Ke8
34.a5 Rc8b8
35.Bb4c5 Kd7
36.Bc5b6 Rb8a8
37.Rc1a1 Ra8a6
38.Kg2 Kc8
39.Ra1a2 Kb7
40.Kf3 Ra6a8
41.h3 g6
42.Ra2b2 Ka6
43.Rb2c2 Kb5
44.g4 Ra8e8
45.Rc2b2 Ka6
46.Rb2c2 Kb5
47.Rc2e2 h5
48.Re2b2 Ka6
49.gxf5 gxf5
50.Rb2g2 h4
51.Rg2c2 Re8c8
52.Rc2g2 Rc8a8
53.Rg2g6 Kb5
54.Rg6g2 Kc4
55.Rg2a2 { draw }
1/2-1/2

[Event "Tourn. n8441"]
[Site "www.chess-mail.com"]
[Date "2015.11.17"]
[Round "1"]
[White "Dulap"]
[Black "Hansen"]
[WhiteElo "1619"]
[BlackElo "1530"]
[Result "1-0"]
[Round "1"]
1.e4 d5
2.exd5 Qd8xd5
3.Nb1c3 Qd5e5
4.Bf1e2 Nb8c6
5.Ng1f3 Qe5e6
6.d4 Nc6b4
7.O-O Qe6f6
8.a3 Nb4c6
9.Rf1e1 Qf6g6
10.Nf3e5 Nc6xe5
11.dxe5 Bc8h3
12.Be2f3 Ra8d8
13.Qd1e2 e6
14.Bf3e4 f5
15.Be4xb7 Ng8e7
16.Qe2f3 Bh3g4
17.Qf3g3 Rd8d4
18.Bc1e3 Rd4c4
19.Be3xa7 h5
20.h3 h4
21.Qg3d3 Rc4f4
22.hxg4 Rf4xg4
23.Bb7f3 Rg4g5
24.Ba7e3 h3
25.Be3xg5 Qg6xg5
26.Qd3e3 h2
27.Kh1 f4
28.Qe3d3 Ne7f5
29.Bf3c6 Kf7
30.Qd3d7 Bf8e7
31.Nc3e4 Qg5g4
32.f3 Qg4h4
33.Qd7xc7 Rh8d8
34.Re1d1 Rd8xd1
35.Ra1xd1 Nf5g3
36.Ne4xg3 Qh4xg3
37.a4 Qg3f2
38.a5 Qf2h4
39.a6 Kg6
40.a7 Be7d8
41.Qc7xd8 { resign }
1-0